[Event "Belgrade-chTB Quality"]
[Site "Belgrade"]
[Date "2018.11.04"]
[Round "11.1"]
[White "Simic, Radoslav"]
[Black "Radusinovic, Lazar"]
[Result "1/2-1/2"]
[WhiteElo "2352"]
[BlackElo "2323"]
[PlyCount "42"]
[EventDate "2018.09.29"]
[EventType "team-tourn"]
[EventRounds "11"]
[EventCountry "SRB"]
[SourceTitle "EXT 2022"]
[Source "ChessBase"]
[SourceDate "2021.10.06"]
[SourceVersion "1"]
[SourceVersionDate "2021.10.06"]
[SourceQuality "1"]
[WhiteTeam "Belgrade Rakovica"]
[BlackTeam "Belgrade Lasta"]
[WhiteTeamCountry "SRB"]
[BlackTeamCountry "SRB"]

1. Nf3 d5 2. d4 Nf6 3. c4 c6 4. Qc2 e6 5. g3 Nbd7 6. Bg2 Bd6 7. 0-0 0-0 8. b3 e5 9. dxe5 Nxe5 10. Nbd2 Qe7 11. Bb2 Re8 12. Rae1 Nxf3+ 13. Nxf3 Bb4 14. Bc3 dxc4 15. bxc4 Bxc3 16. Qxc3 Ne4 17. Qc2 c5 18. Rd1 b6 19. Rd5 Bb7 20. Rd3 Nf6 21. Rd2 Ne4 1/2-1/2

[Event "Belgrade Trophy 31st"]
[Site "Belgrade"]
[Date "2017.11.30"]
[Round "7"]
[White "Velickovic, Sasa"]
[Black "Simic, Radoslav"]
[Result "1/2-1/2"]
[WhiteElo "2269"]
[BlackElo "2351"]
[PlyCount "20"]
[EventDate "2017.11.24"]
[EventType "swiss"]
[EventRounds "9"]
[EventCountry "SRB"]
[SourceTitle "CBM 181 Extra"]
[Source "ChessBase"]
[SourceDate "2017.12.12"]
[SourceVersion "1"]
[SourceVersionDate "2017.12.12"]
[SourceQuality "1"]

1. g3 d5 2. Bg2 c6 3. b3 Nf6 4. Bb2 Bf5 5. d3 e6 6. Nf3 h6 7. 0-0 Nbd7 8. Nbd2 Be7 9. a3 a5 10. Re1 Bh7 1/2-1/2

[Event "Belgrade Trophy 31st"]
[Site "Belgrade"]
[Date "2017.11.24"]
[Round "1"]
[White "Mitic, Miroslav"]
[Black "Simic, Radoslav"]
[Result "0-1"]
[WhiteElo "1996"]
[BlackElo "2351"]
[PlyCount "120"]
[EventDate "2017.11.24"]
[EventType "swiss"]
[EventRounds "9"]
[EventCountry "SRB"]
[SourceTitle "CBM 181 Extra"]
[Source "ChessBase"]
[SourceDate "2017.12.12"]
[SourceVersion "1"]
[SourceVersionDate "2017.12.12"]
[SourceQuality "1"]

1. d4 Nf6 2. c4 e6 3. Nc3 Bb4 4. Qb3 c5 5. dxc5 Na6 6. Nf3 0-0 7. Bd2 Bxc5 8. e3 b6 9. Be2 Bb7 10. 0-0 Be7 11. Rfd1 Rc8 12. a3 Nc5 13. Qa2 Qc7 14. Be1 a6 15. h3 d5 16. cxd5 Nxd5 17. Rac1 Qb8 18. b4 Nxc3 19. Bxc3 Ne4 20. Bd4 b5 21. Bd3 Bd5 22. Qb1 Qb7 23. Ne1 Bf6 24. Bxe4 Bxe4 25. Qb2 Bxd4 26. Qxd4 h6 27. f3 Bg6 28. e4 f5 29. e5 f4 30. Rxc8 Qxc8 31. Kh2 Kh7 32. Qd6 Bf5 33. Rd4 Rf7 34. Nd3 Bxd3 35. Rxd3 Rc7 36. Rd4 Rc4 37. Rd3 Qe8 38. Rd4 Qg6 39. Rd1 Rc3 40. Qxa6 Rxf3 41. Qxb5 Rxa3 42. Qf1 Qg3+ 43. Kh1 f3 44. gxf3 Rxf3 45. Qg2 Qxh3+ 46. Qxh3 Rxh3+ 47. Kg2 Rb3 48. Rd6 Rxb4 49. Rxe6 h5 50. Kf3 g5 51. Rf6 Kg7 52. Rf5 g4+ 53. Kg3 Kg6 54. Rf8 Rb3+ 55. Kf2 Rb5 56. Rg8+ Kf5 57. Rh8 Kg5 58. Rg8+ Kh4 59. e6 Re5 60. Rg6 Kh3 0-1

[Event "Belgrade Trophy 30th"]
[Site "Belgrade"]
[Date "2016.11.28"]
[Round "5"]
[White "Injac, Teodora"]
[Black "Simic, Radoslav"]
[Result "1/2-1/2"]
[WhiteElo "2225"]
[BlackElo "2362"]
[PlyCount "44"]
[EventDate "2016.11.24"]
[EventType "swiss"]
[EventRounds "9"]
[EventCountry "SRB"]
[SourceTitle "CBM 175 Extra"]
[Source "ChessBase"]
[SourceDate "2016.12.12"]
[SourceVersion "1"]
[SourceVersionDate "2016.12.12"]
[SourceQuality "1"]

1. d4 Nf6 2. Nf3 g6 3. c4 Bg7 4. Nc3 d5 5. Qb3 c6 6. cxd5 cxd5 7. Bg5 e6 8. e3 0-0 9. Be2 Nc6 10. h3 h6 11. Bf4 Qe7 12. 0-0 Na5 13. Qa4 Nc6 14. Rfc1 Bd7 15. Qd1 Rac8 16. a3 Rfd8 17. b4 Ne4 18. Qb3 g5 19. Bh2 f5 20. Nxe4 fxe4 21. Nd2 Be8 22. b5 Na5 1/2-1/2

[Event "Belgrade Trophy 30th"]
[Site "Belgrade"]
[Date "2016.11.26"]
[Round "3"]
[White "Milanovic, Danilo"]
[Black "Simic, Radoslav"]
[Result "1/2-1/2"]
[WhiteElo "2507"]
[BlackElo "2362"]
[PlyCount "51"]
[EventDate "2016.11.24"]
[EventType "swiss"]
[EventRounds "9"]
[EventCountry "SRB"]
[SourceTitle "CBM 175 Extra"]
[Source "ChessBase"]
[SourceDate "2016.12.12"]
[SourceVersion "1"]
[SourceVersionDate "2016.12.12"]
[SourceQuality "1"]

1. d4 d5 2. c4 e6 3. Nc3 Be7 4. Nf3 Nf6 5. Bg5 h6 6. Bh4 0-0 7. e3 Ne4 8. Bxe7 Qxe7 9. Rc1 c6 10. Qc2 Nxc3 11. Qxc3 Nd7 12. a3 Re8 13. Be2 dxc4 14. Bxc4 e5 15. 0-0 e4 16. Nd2 Nf6 17. f3 exf3 18. Rxf3 Be6 19. e4 Bxc4 20. Qxc4 Nxe4 21. Nxe4 Qxe4 22. Qxf7+ Kh8 23. Qxb7 Rab8 24. Qxc6 Qxd4+ 25. Kh1 Qxb2 26. Rcf1 1/2-1/2

[Event "Belgrade Trophy 30th"]
[Site "Belgrade"]
[Date "2016.11.25"]
[Round "2"]
[White "Simic, Radoslav"]
[Black "Petrekanovic, Miroslav"]
[Result "1-0"]
[WhiteElo "2362"]
[BlackElo "2153"]
[PlyCount "67"]
[EventDate "2016.11.24"]
[EventType "swiss"]
[EventRounds "9"]
[EventCountry "SRB"]
[SourceTitle "CBM 175 Extra"]
[Source "ChessBase"]
[SourceDate "2016.12.12"]
[SourceVersion "1"]
[SourceVersionDate "2016.12.12"]
[SourceQuality "1"]

1. Nf3 d5 2. g3 c6 3. b3 Bg4 4. Bb2 Nd7 5. Bg2 e6 6. d3 Ngf6 7. Nbd2 Bd6 8. c4 0-0 9. 0-0 a5 10. a3 Re8 11. h3 Bh5 12. d4 Bxf3 13. exf3 c5 14. f4 cxd4 15. Nf3 dxc4 16. Qxd4 Qb6 17. Rad1 Qxd4 18. Nxd4 c3 19. Bxc3 Nc5 20. Nb5 Nfe4 21. Rxd6 Nxd6 22. Nxd6 Re7 23. b4 Na4 24. Be1 e5 25. Nxb7 exf4 26. bxa5 Ra6 27. Bb4 Rc7 28. Rd1 g5 29. gxf4 gxf4 30. Rd6 Ra7 31. a6 f5 32. Bc6 Nb2 33. Bd5+ Kg7 34. Bc5 1-0

[Event "Belgrade Trophy 29th"]
[Site "Belgrade"]
[Date "2015.11.24"]
[Round "1"]
[White "Katic, Goran"]
[Black "Simic, Radoslav"]
[Result "0-1"]
[WhiteElo "1961"]
[BlackElo "2361"]
[PlyCount "64"]
[EventDate "2015.11.24"]
[EventType "swiss"]
[EventRounds "9"]
[EventCountry "SRB"]
[SourceTitle "CBM 170 Extra"]
[Source "ChessBase"]
[SourceDate "2016.02.25"]
[SourceVersion "1"]
[SourceVersionDate "2016.02.25"]
[SourceQuality "1"]

1. e4 c5 2. c3 Nf6 3. e5 Nd5 4. d4 cxd4 5. Nf3 e6 6. cxd4 d6 7. Nc3 Nxc3 8. bxc3 Qc7 9. Bd2 Nd7 10. exd6 Bxd6 11. Be2 0-0 12. 0-0 b6 13. c4 Bb7 14. h3 Rac8 15. Qb3 e5 16. c5 bxc5 17. dxe5 Nxe5 18. Nxe5 Bxe5 19. Rac1 Bd4 20. Bc3 Qe7 21. Rfe1 Bxc3 22. Qxc3 Qg5 23. Bf3 Bxf3 24. Qxf3 Rc7 25. Rc4 g6 26. Rec1 Rd8 27. Qc3 Rd5 28. a4 h5 29. Re1 Re7 30. Rc1 Re2 31. Rxc5 Rxc5 32. Qxc5 Re1+ 0-1

[Event "Belgrade-chT Quality"]
[Site "Belgrade"]
[Date "2015.11.05"]
[Round "11.5"]
[White "Radovanovic, Mihajlo"]
[Black "Simic, Radoslav"]
[Result "0-1"]
[WhiteElo "2404"]
[BlackElo "2361"]
[PlyCount "68"]
[EventDate "2015.10.03"]
[EventType "team-tourn"]
[EventRounds "11"]
[EventCountry "SRB"]
[SourceTitle "EXT 2018"]
[Source "ChessBase"]
[SourceDate "2017.10.13"]
[SourceVersion "1"]
[SourceVersionDate "2017.10.13"]
[SourceQuality "1"]

1. Nf3 g6 2. c4 Nf6 3. g3 c6 4. Bg2 Bg7 5. d4 d5 6. Qb3 dxc4 7. Qxc4 Be6 8. Qc2 Bf5 9. Qb3 Qb6 10. Nbd2 0-0 11. 0-0 Na6 12. Nc4 Qxb3 13. axb3 Be4 14. Nfe5 Bxg2 15. Kxg2 c5 16. dxc5 Nxc5 17. Be3 Nxb3 18. Ra3 b5 19. Rxb3 bxc4 20. Nxc4 Rfc8 21. Na5 Nd5 22. Rd1 e6 23. Bd4 Rc7 24. Bxg7 Kxg7 25. e4 Nf6 26. Kf3 Rac8 27. Rdd3 g5 28. h3 h5 29. Ke3 Rc1 30. f3 Rh1 31. Rdc3 Rxc3+ 32. bxc3 Rxh3 33. Nc6 Rxg3 34. Ne5 Ng4+ 0-1

[Event "Belgrade City-chT"]
[Site "Belgrade"]
[Date "2013.11.14"]
[Round "10"]
[White "Petrovic, Zoran"]
[Black "Simic, Radoslav"]
[Result "1/2-1/2"]
[WhiteElo "2165"]
[BlackElo "2373"]
[PlyCount "59"]
[EventDate "2013.10.26"]
[EventType "team-tourn"]
[EventRounds "11"]
[EventCountry "SRB"]
[SourceTitle "EXT 2015"]
[Source "ChessBase"]
[SourceDate "2014.11.20"]
[SourceVersion "1"]
[SourceVersionDate "2014.11.20"]
[SourceQuality "1"]

1. e4 c5 2. Nf3 Nc6 3. c3 Nf6 4. e5 Nd5 5. Bc4 e6 6. d4 cxd4 7. cxd4 d6 8. 0-0 Be7 9. Bd2 0-0 10. Nc3 Nb6 11. Bb3 Na5 12. Ne4 Nxb3 13. Qxb3 dxe5 14. dxe5 Bd7 15. Ba5 Bc6 16. Rfd1 Bd5 17. Qe3 Nc4 18. Bxd8 Nxe3 19. Bxe7 Nxd1 20. Bxf8 Kxf8 21. Rxd1 Bxe4 22. Nd4 a6 23. f3 Bd5 24. b3 Rc8 25. Kf2 f6 26. exf6 gxf6 27. Rd2 Ke7 28. Rc2 Rxc2+ 29. Nxc2 e5 30. g4 1/2-1/2

[Event "Belgrade City-chT"]
[Site "Belgrade"]
[Date "2013.11.11"]
[Round "7"]
[White "Simic, Radoslav"]
[Black "Klasan, Vladimir"]
[Result "1/2-1/2"]
[WhiteElo "2373"]
[BlackElo "2331"]
[PlyCount "20"]
[EventDate "2013.10.26"]
[EventType "team-tourn"]
[EventRounds "11"]
[EventCountry "SRB"]
[SourceTitle "EXT 2015"]
[Source "ChessBase"]
[SourceDate "2014.11.20"]
[SourceVersion "1"]
[SourceVersionDate "2014.11.20"]
[SourceQuality "1"]

1. d4 Nf6 2. Nf3 c5 3. c3 cxd4 4. cxd4 d5 5. Nc3 Nc6 6. Bf4 Bf5 7. e3 e6 8. Bd3 Bxd3 9. Qxd3 Bd6 10. Bxd6 Qxd6 1/2-1/2

[Event "Belgrade City-chT"]
[Site "Belgrade"]
[Date "2013.10.26"]
[Round "1"]
[White "Zivkovic, Ljubomir S"]
[Black "Simic, Radoslav"]
[Result "1/2-1/2"]
[WhiteElo "2074"]
[BlackElo "2373"]
[PlyCount "31"]
[EventDate "2013.10.26"]
[EventType "team-tourn"]
[EventRounds "11"]
[EventCountry "SRB"]
[SourceTitle "EXT 2015"]
[Source "ChessBase"]
[SourceDate "2014.11.20"]
[SourceVersion "1"]
[SourceVersionDate "2014.11.20"]
[SourceQuality "1"]

1. d4 Nf6 2. c4 e6 3. Nf3 b6 4. a3 Bb7 5. Nc3 d5 6. Bg5 Nbd7 7. e3 Be7 8. Rc1 0-0 9. cxd5 exd5 10. Bd3 c5 11. 0-0 a6 12. Qc2 c4 13. Bf5 g6 14. Bh3 b5 15. Rfd1 Ne4 16. Bh6 1/2-1/2

[Event "Belgrade-chT"]
[Site "Belgrade"]
[Date "2011.10.09"]
[Round "8.4"]
[White "Hrzic, Ivan"]
[Black "Simic, Radoslav"]
[Result "1/2-1/2"]
[WhiteElo "2319"]
[BlackElo "2380"]
[PlyCount "33"]
[EventDate "2011.10.01"]
[EventType "team-tourn"]
[EventRounds "11"]
[EventCountry "SRB"]
[SourceTitle "CBM 144 Extra"]
[Source "ChessBase"]
[SourceDate "2011.10.28"]
[SourceVersion "1"]
[SourceVersionDate "2011.10.28"]
[SourceQuality "1"]
[WhiteTeam "Polet"]
[BlackTeam "Borac"]
[WhiteTeamCountry "YUG"]
[BlackTeamCountry "YUG"]

1. e4 c5 2. Nf3 Nc6 3. c3 d5 4. exd5 Qxd5 5. d4 Nf6 6. Be2 cxd4 7. cxd4 e6 8. Nc3 Qd6 9. 0-0 Be7 10. Bg5 0-0 11. Qd2 b6 12. Rac1 Bb7 13. Bxf6 Bxf6 14. Ne4 Qd8 15. Nxf6+ Qxf6 16. Bb5 Rac8 17. Bxc6 1/2-1/2

[Event "Belgrade-chT"]
[Site "Belgrade"]
[Date "2011.10.03"]
[Round "3.6"]
[White "Simic, Radoslav"]
[Black "Tosic, Srecko"]
[Result "1/2-1/2"]
[WhiteElo "2380"]
[BlackElo "2338"]
[PlyCount "37"]
[EventDate "2011.10.01"]
[EventType "team-tourn"]
[EventRounds "11"]
[EventCountry "SRB"]
[SourceTitle "CBM 144 Extra"]
[Source "ChessBase"]
[SourceDate "2011.10.28"]
[SourceVersion "1"]
[SourceVersionDate "2011.10.28"]
[SourceQuality "1"]
[WhiteTeam "Borac"]
[BlackTeam "Bogoslov"]
[WhiteTeamCountry "YUG"]
[BlackTeamCountry "YUG"]

1. Nf3 Nf6 2. c4 c6 3. d4 d5 4. Qc2 dxc4 5. Qxc4 Bf5 6. g3 e6 7. Bg2 Be7 8. 0-0 0-0 9. e3 Nbd7 10. Rd1 Qb6 11. Qe2 Rfd8 12. Nc3 Ne4 13. Nd2 Nxd2 14. Bxd2 Bg6 15. Na4 Qc7 16. Rac1 Nf6 17. Be1 Rd7 18. b4 a6 19. a3 1/2-1/2

[Event "Belgrade-chT"]
[Site "Belgrade"]
[Date "2011.10.02"]
[Round "2.1"]
[White "Cvetkovic, Srdjan"]
[Black "Simic, Radoslav"]
[Result "1/2-1/2"]
[WhiteElo "2406"]
[BlackElo "2380"]
[PlyCount "22"]
[EventDate "2011.10.01"]
[EventType "team-tourn"]
[EventRounds "11"]
[EventCountry "SRB"]
[SourceTitle "CBM 144 Extra"]
[Source "ChessBase"]
[SourceDate "2011.10.28"]
[SourceVersion "1"]
[SourceVersionDate "2011.10.28"]
[SourceQuality "1"]
[WhiteTeam "Belgrade Radnicki"]
[BlackTeam "Borac"]
[WhiteTeamCountry "YUG"]
[BlackTeamCountry "YUG"]

1. c4 c6 2. Nf3 Nf6 3. g3 g6 4. b3 Bg7 5. Bb2 0-0 6. Bg2 d5 7. 0-0 Bf5 8. d3 Qc8 9. Nbd2 Bh3 10. cxd5 Bxg2 11. Kxg2 cxd5 1/2-1/2

[Event "SRB-chT"]
[Site "Belgrade"]
[Date "2010.10.02"]
[Round "2"]
[White "Cvetkovic, Srdjan"]
[Black "Simic, Radoslav"]
[Result "1/2-1/2"]
[WhiteElo "2406"]
[BlackElo "2380"]
[PlyCount "20"]
[EventDate "2010.10.01"]
[EventType "team-tourn"]
[EventRounds "11"]
[EventCountry "YUG"]
[SourceTitle "CBM 138 Extra"]
[Source "ChessBase"]
[SourceDate "2010.10.29"]
[SourceVersion "1"]
[SourceVersionDate "2010.10.29"]
[SourceQuality "1"]

1. c4 c6 2. Nf3 d5 3. b3 Bf5 4. Bb2 e6 5. g3 h6 6. Bg2 Nf6 7. 0-0 Be7 8. d3 0-0 9. Nbd2 Nbd7 10. a3 a5 1/2-1/2

[Event "Belgrade Trophy 21st"]
[Site "Obrenovac"]
[Date "2008.12.04"]
[Round "8"]
[White "Kojovic, Dragan"]
[Black "Simic, Radoslav"]
[Result "0-1"]
[WhiteElo "2412"]
[BlackElo "2373"]
[PlyCount "132"]
[EventDate "2008.11.27"]
[EventType "swiss"]
[EventRounds "9"]
[EventCountry "YUG"]
[SourceTitle "CBM 127 Extra"]
[Source "ChessBase"]
[SourceDate "2009.01.08"]
[SourceVersion "2"]
[SourceVersionDate "2009.01.28"]
[SourceQuality "1"]

1. e4 e5 2. Nc3 Nf6 3. Bc4 Nc6 4. d3 Na5 5. Nge2 d6 6. a3 Nxc4 7. dxc4 Be7 8. Qd3 0-0 9. Ng3 c6 10. Bg5 Qc7 11. Rd1 Rd8 12. 0-0 Be6 13. Nf5 Bxf5 14. exf5 d5 15. Bxf6 dxc4 16. Qxc4 Bxf6 17. Ne4 Be7 18. c3 Rd7 19. Qe2 Rad8 20. Qf3 b5 21. g4 Rd5 22. Kg2 Qd7 23. Rde1 h6 24. Re3 Bg5 25. Re2 Bf4 26. Rc2 Qe7 27. Re1 Rd3 28. Qe2 Qh4 29. Ng3 Rd2 30. Rxd2 Rxd2 31. Qf3 Rxb2 32. Qxc6 Rxf2+ 33. Kxf2 Qxh2+ 34. Kf1 Qxg3 35. Qe8+ Kh7 36. Qxf7 Qf3+ 37. Kg1 Qxg4+ 38. Kf1 Qf3+ 39. Kg1 Be3+ 40. Kh2 Qf2+ 41. Kh3 Qf3+ 42. Kh2 Bf4+ 43. Kg1 Qg4+ 44. Kf1 Qh3+ 45. Kg1 Bh2+ 46. Kf2 Bg3+ 47. Ke2 Qg4+ 48. Kd2 Bxe1+ 49. Kxe1 h5 50. f6 Qg6 51. Qxa7 Qxf6 52. Qc5 Qh4+ 53. Kd2 Qf4+ 54. Kc2 Qe4+ 55. Kb2 Qe2+ 56. Ka1 h4 57. Qe7 Qe1+ 58. Kb2 Qg3 59. Qe8 Qg2+ 60. Ka1 Qf1+ 61. Kb2 Qe2+ 62. Kb3 h3 63. Qd8 Qc4+ 64. Kb2 h2 65. Qd1 Qh4 66. Qh1 Kh6 0-1

[Event "Belgrade Trophy 21st"]
[Site "Obrenovac"]
[Date "2008.12.02"]
[Round "6"]
[White "Chirila, Ioan Cristian"]
[Black "Simic, Radoslav"]
[Result "1/2-1/2"]
[WhiteElo "2462"]
[BlackElo "2373"]
[PlyCount "104"]
[EventDate "2008.11.27"]
[EventType "swiss"]
[EventRounds "9"]
[EventCountry "YUG"]
[SourceTitle "CBM 127 Extra"]
[Source "ChessBase"]
[SourceDate "2009.01.08"]
[SourceVersion "2"]
[SourceVersionDate "2009.01.28"]
[SourceQuality "1"]

1. e4 c5 2. Nf3 Nc6 3. d4 cxd4 4. Nxd4 e5 5. Nb5 d6 6. N1c3 a6 7. Na3 Be7 8. Nc4 b5 9. Ne3 Nf6 10. g3 0-0 11. Bg2 b4 12. Ncd5 Nxd5 13. Nxd5 Bg5 14. Bxg5 Qxg5 15. 0-0 a5 16. a3 bxa3 17. Rxa3 Rb8 18. b3 Bg4 19. Qd3 Rfc8 20. c3 Qd8 21. Rfa1 Be6 22. Bf1 h6 23. Qd2 Bxd5 24. Qxd5 Ne7 25. Qd2 d5 26. exd5 Nxd5 27. Rxa5 Nxc3 28. Qxd8+ Rxd8 29. Bc4 Ne4 30. Rxe5 Nd2 31. Re7 Nxc4 32. bxc4 Rbc8 33. Raa7 Rxc4 34. Rxf7 Rg4 35. h4 Rd5 36. Kg2 h5 37. Rfe7 Rg6 38. Kh3 Kh7 39. Kg2 Rf5 40. Re3 Rb6 41. Ree7 Rg6 42. Rab7 Ra5 43. Rb3 Rga6 44. Rc3 Ra7 45. Ree3 Rf7 46. f4 Rfa7 47. Kf3 g6 48. Kg2 Ra2+ 49. Kf3 R2a5 50. g4 hxg4+ 51. Kxg4 Ra1 52. Kg5 Rf7 1/2-1/2